Economic integration and industrial specialization among the member countries of the council for mutual economic assistance

Αποθηκεύτηκε σε:
Λεπτομέρειες βιβλιογραφικής εγγραφής
Συγγραφή απο Οργανισμό/Αρχή: Department of Economic and Social Affairs
Μορφή: Βιβλίο
Γλώσσα:Undetermined
Έκδοση: New York United Nations 1966
Θέματα:
Ετικέτες: Προσθήκη ετικέτας
Δεν υπάρχουν, Καταχωρήστε ετικέτα πρώτοι!
Thư viện lưu trữ: Trung tâm Học liệu Trường Đại học Cần Thơ
LEADER 00625nam a2200181Ia 4500
001 CTU_83486
008 210402s9999 xx 000 0 und d
082 |a 338.4 
082 |b D419 
110 |a Department of Economic and Social Affairs 
245 0 |a Economic integration and industrial specialization among the member countries of the council for mutual economic assistance 
245 0 |c Department of Economic and Social Affairs 
260 |a New York 
260 |b United Nations 
260 |c 1966 
650 |a Social conditions 
904 |i QHieu(sửa) 
980 |a Trung tâm Học liệu Trường Đại học Cần Thơ